La vida conyugal /
I tiakina i:
| Kaituhi matua: | |
|---|---|
| Hōputu: | Pukapuka |
| Reo: | Pāniora |
| I whakaputaina: |
Barcelona, España :
Bruguera,
1973, c1973
|
| Rangatū: | (Biblioteca Básica Bruguera)
|
| Ngā marau: | |
| Ngā Tūtohu: |
Kāore He Tūtohu, Me noho koe te mea tuatahi ki te tūtohu i tēnei pūkete!
|
MARC
| LEADER | 00000nam^a2200000^a^4500 | ||
|---|---|---|---|
| 001 | 000301958 | ||
| 005 | 20250521000000.0 | ||
| 009 | 20260310112559.938 | ||
| 020 | |a 84-02-02865-9 | ||
| 025 | |a Donación Robles Martínez, 1 ejemplar | ||
| 037 | |a Acervo ITESO - Biblioteca | ||
| 041 | |a ESP | ||
| 082 | |a 306. 81 |b SAN | ||
| 100 | |a Santos González, María Carmen |e (autor) | ||
| 245 | 1 | 3 | |a La vida conyugal / |c M.C. Santos González. |
| 264 | 4 | |a Barcelona, España : |b Bruguera, |c 1973, c1973 | |
| 300 | |a 221 p. | ||
| 336 | |a texto |b txt |2 rdacontenido | ||
| 337 | |a sin mediación |b n |2 rdamedio | ||
| 338 | |a volumen |b nc |2 rdasoporte | ||
| 440 | 1 | |a (Biblioteca Básica Bruguera) | |
| 649 | |a XX | ||
| 650 | |a Matrimonio | ||
| 910 | |a Fondo Robles Martínez | ||
| 920 | |a Impresos - Libros | ||
| 930 | |a Fondos Especiales | ||
| 905 | |a 123 | ||
| 901 | |a 0500188113 |b IT2 |c ESP |i D |u 20250521 | ||
| 902 | |a https://opac.biblio.iteso.mx/vufind/Record/000301958 | ||